000 00379nam a2200145Ia 4500
008 210210b1997 xxu||||| |||| 00| 0 eng d
082 _a910.01 BHAT
100 _aBHATIA (A K).
245 _aTourism management and marketing.
260 _aN D
_bSterling Publishers Pvt Ltd.,
_c1997
300 _axviii,288
650 _aTravel
690 _aTravel & Tourism
906 _a052214
999 _c100529
_d100529